| 000 | 00392nam a2200121Ia 4500 | ||
|---|---|---|---|
| 008 | 220217s9999 xx 000 0 und d | ||
| 245 | 0 | _aMethods of testing vulcanized rubber. Part A 18. Determination of equilibrium water vapour absorption. | |
| 260 | _c1956 | ||
| 500 | _aStandard number: BS 903 Part A 19 | ||
| 650 | _aVulcanized rubber | ||
| 650 | _aWater vapour absorption | ||
| 942 | _cST | ||
| 999 |
_c73174 _d73174 |
||